| 000 | 01452cam a22004214i 4500 | ||
|---|---|---|---|
| 003 | PE-LiUPU | ||
| 005 | 20250731184539.0 | ||
| 008 | 150623s r 000 0 d | ||
| 035 | _a(Sirsi) a25119 | ||
| 040 |
_aPE-LiUPU _bspa _cPE-LiUPU _erda |
||
| 082 | 0 | 4 |
_a962.01 _bF63 _221 |
| 100 | 1 |
_aFlinders Petrie, W. M, _eautor. |
|
| 245 | 1 | 0 |
_aSocial life in ancient Egypt / _cW. M. Flinders Petrie. |
| 264 | 1 |
_aLondon : _bConstable & Company, _c1923. |
|
| 300 |
_a210 páginas ; _c20 cm. |
||
| 336 |
_atext _2rdacontent |
||
| 337 |
_aunmediated _2rdamedia |
||
| 338 |
_avolume _2rdacarrier |
||
| 505 | 0 | _aThe framework of society. - The administration. -Rights and wrongs. -Private life. -Supplies and commerce. Constructions and defence. | |
| 526 | _aP136 | ||
| 526 | _aP135 | ||
| 526 | _aP134 | ||
| 526 | _aP133 | ||
| 526 | _aP144 | ||
| 526 | _aP143 | ||
| 526 | _aP87 | ||
| 526 | _aP35 | ||
| 526 | _aP20 | ||
| 526 | _aP14 | ||
| 526 | _aP10 | ||
| 526 | _aP06 | ||
| 650 | 0 | 4 |
_aEgipto _xHistoria _yEpoca antigua _xAspectos sociales. |
| 942 |
_2ddc _cBOOK |
||
| 949 |
_a962.01 F63 _wDEWEY _c1 _i49534 _lCCODEBUL1 _mBUL _p00.00 _r0 _sY _tBOOK _u2015-06-24 _xTEOLOGIA _PP35 _0COMPRA _o.STAFF. Colección General |
||
| 596 | _a1 | ||
| 999 |
_a962.01 F63 _wDEWEY _c30624 _i49534 _f2021-11-12 _g5 _lCCODEBUL1 _mBUL _r0 _sY _tBOOK _u2015-6-24 _xTEOLOGIA _PP35 _0COMPRA _o.STAFF. Colección General _d30624 |
||
| 980 |
_81 _gALBERTO SANCHEZ Responsable de Automatización |
||